Las Instituciones reguladoras del mercado en el debate Estado-mercado

Guardado en:
Bibliografiske detaljer
Format: Texto
Fag:
Tags: Tilføj Tag
Ingen Tags, Vær først til at tagge denne postø!

MARC

LEADER 00000 a a2200000 04500
001 6808
003
040
245 |a Las Instituciones reguladoras del mercado en el debate Estado-mercado  
650 |a ESTADO  
650 |a MERCADO  
650 |a POLITICA SOCIAL  
650 |a TRABAJADORES  
650 |a PROGRAMAS DE AYUDA  
773 |g volumen 27, número 1235; páginas 7-9  
999 |c 20339  |d 20339